混沌之城系列科幻作品:地狱猎宾(第一部)上/下册 (Record no. 322375)

000 -LEADER
fixed length control field 00401 a2200145 4500
020 ## - ISBN
ISBN 9787515520216
082 ## - 索书号 Call Number
分类号Classification number 857.83
作者号 Author number 5500 v.01
100 ## - 作者
作者 墨熊 著
245 ## - 书名 TITLE
书名Title 混沌之城系列科幻作品:地狱猎宾(第一部)上/下册
250 ## - 版本 EDITION STATEMENT
版本叙述 Edition statement 初版;平装
260 ## - 出版项PUBLICATION, DISTRIBUTION, ETC. (IMPRINT)
出版社 Name of publisher 金城出版社有限公司
出版日期 Date of publication 2020
出版地 Place of publication 北京
300 ## - 稽核项 PHYSICAL DESCRIPTION
页数 Number of Pages 220-437页
尺寸 Dimensions 21公分
500 ## - 一般附注 GENERAL NOTE
附注 General note
942 ## - ADDED ENTRY ELEMENTS (KOHA)
Koha item type Books
Holdings
Source of classification or shelving scheme Not for loan Permanent Location Current Location Shelving location Date acquired Source of acquisition Cost, normal purchase price 部册号Serial Enumeration / chronology Full call number Barcode Cost, replacement price Koha item type
    LIBRARY CHUNG HWA HIGH SCHOOL MUAR LIBRARY CHUNG HWA HIGH SCHOOL MUAR 一楼中文小说区 1st Floor Chinese Fiction Area 2025-07-07 66.00 上册 857.83 5500 v.01 049804 132.00 Books
    LIBRARY CHUNG HWA HIGH SCHOOL MUAR LIBRARY CHUNG HWA HIGH SCHOOL MUAR 一楼中文小说区 1st Floor Chinese Fiction Area 2025-07-07 66.00 下册 857.83 5500 v.02 049805 132.00 Books

Powered by Koha